|
|
|
|
| LEADER |
00000nam a2200000 a 4500 |
| 001 |
vtls001451423 |
| 003 |
SK-MaSNL |
| 005 |
20260301073134.0 |
| 008 |
240318s1990 DE r 0 ger |
| 015 |
|
|
|a SNBZSA2003-00118
|
| 035 |
|
|
|a SNK000406724
|
| 040 |
|
|
|a SNK
|b slo
|c SNK
|e AACR2
|
| 041 |
0 |
|
|a ger
|
| 043 |
|
|
|a e-gx---
|
| 044 |
|
|
|a DE
|
| 080 |
|
|
|a 323.12(=411.16)=112.2
|2 2. slo
|
| 080 |
|
|
|a 94(=411.16)=112.2
|2 2. slo
|
| 100 |
1 |
|
|a Büchler, Yehoshua Robert,
|d 1929-2009
|4 aut
|9 172097
|
| 245 |
1 |
0 |
|a Am Ende des Weges
|b Kinderblock 66 im Konzentrationslager Buchenwald : Sonderdruck
|c Robert J. Büchler
|
| 260 |
|
|
|a [Dachau
|b Verlag Dachauer Hefte
|c 1990]
|
| 300 |
|
|
|a S. 104-117
|c 22 cm
|
| 500 |
|
|
|a Hlavičkový názov
|
| 500 |
|
|
|a Sep. odt. z: Erinnern oder Verweigern. (Dachauer Hefte ; 6)
|
| 600 |
1 |
|
|a Büchler, Yehoshua Robert,
|d 1929-2009
|2 SNK
|9 172097
|
| 610 |
1 |
7 |
|a Buchenwald (koncentračný tábor)
|2 SNK
|9 153804
|
| 650 |
0 |
7 |
|a Židia
|x perzekúcie
|y 1945
|2 SNK
|9 67510
|
| 655 |
|
7 |
|a biografie
|2 SNK
|9 27965
|
| 958 |
|
|
|a ZS
|
| 958 |
|
|
|a BX
|
| 958 |
|
|
|a OND
|
| 999 |
|
|
|c 643236
|d 645166
|
| 952 |
|
|
|t P60, <03>, [BOOK], {603}
|a SNK
|b SNK
|y PREZ
|7 0
|p 17A0378914
|o snkOSC 22115
|i snkV 681/2003
|0 0
|1 0
|4 0
|d 2003-04-09
|l 0
|r 2005-01-02 00:00:00
|w 2026-02-23
|